007700000a22002770004500082002100000518001100021530000600032100002500038245005700063260004700120260000900167300001200176041000800188500004400196650001500240650002200255650001400277650002000291650001800311650002400329651001500353651001500368942000800383999001700391952008400408 a304.6bD958scUN a990916 aM aDuja, M. Badrud, ed. aSouth Asia study of population policy and programmes aDhakabUnited Nations Population Fund, USA c1990 ax,274p. aEng aBibliography at the end of each chapter aPopulation aPopulation policy aFertility aFamily planning aBirth control aReproductive health aSouth Asia aBangladesh cGEN c19594d19594 00104070aTUCLbTUCLd2010-06-20l0pUN17767r2010-06-20 00:00:00w2010-06-20